Kraje które przegrały konflikty z Polską (Rzeczpospolita) - Statystyki

Ogólne statystyki
  • Ten quiz został rozwiązany 31 razy
    17 od ostatniego zresetowania
  • Średni wynik to 5 z 26
Statystyki odpowiedzi
Rok Kraj % Poprawnych
1609-1618 Rosja
79%
1683–1699 Turcja
71%
1655–1660 Szwecja
64%
1577-1582 Rosja
57%
1632-1634 Rosja
50%
1587-1588 Austria
36%
1633-1634 Turcja
36%
1595 Turcja
21%
1576-1577 Gdańsk
14%
1645-1646 Chanat Krymski
7%
1591-1593 Kozacy
7%
1594-1596 Kozacy
7%
1635 Kozacy
7%
1637 Kozacy
7%
1638 Kozacy
7%
1702–1704 Kozacy
7%
1606 Chanat Krymski
0%
1612 Chanat Krymski
0%
1624 Chanat Krymski
0%
1626 Chanat Krymski
0%
1628 Chanat Krymski
0%
1629 Chanat Krymski
0%
1643 Chanat Krymski
0%
1644 Chanat Krymski
0%
1599-1600 Siedmiogród
0%
1619 Siedmiogród
0%
Nie znaleziono quizów pasujących do podanych kryteriów
Rozkład punktacji
Procent ludzi z każdym wynikiem
Percentyl według liczby udzielonych odpowiedzi
Twoja historia wyników
Nie rozwiązałeś tego quizu od ostatniego zresetowania